=LDR 00000nam 2200000 4500 =001 INLIS000000000057473 =990 ##$$a 51300033 =005 20210125094958 =035 ##$$a 0010-0121000063 =007 ta =008 210125################g##########0#ind## =020 ##$$a 978-979-1101-39-4 =082 ##$$a 371.3 =084 ##$$a 371.3 TRI m =100 #$$a Trianto =245 1#$$a Model Pembelajaran terpadu dalam teori dan praktik /$c Trianto, S.Pd.,M.Pd =250 ##$$a cet.1 =260 ##$$a Jakarta :$b Prestasi pustaka,$c 2007 =300 ##$$a xiv, 205 hlm ; $c 22 x 14 cm =600 #4$$a Pembelajaran =990 ##$$a 14301430 =990 ##$$a 51300033